| 000 | 00698nam a22001937a 4500 | ||
|---|---|---|---|
| 008 | 150609b xxu||||| |||| 00| 0 eng d | ||
| 020 | _a9789280811230 | ||
| 041 | 0 | _aeng | |
| 080 | _a623.458 | ||
| 100 | _aThakur, Ramesh Chandra and Haru, Ere. | ||
| 245 | 0 | 4 |
_aThe Chemical Weapons Convention : _cedited by Ramesh Thakur and Ere Haru. |
| 260 |
_aTokyo ; _aNew York : _bUnited Nations University Press, _cc2006. |
||
| 300 |
_axi, 190 p. ; _c24 cm. |
||
| 650 | 0 |
_aKontrolla e armëve kimikale _vKongrese |
|
| 650 | 0 |
_aKontrolla e armëve kimikale _vKongrese _xVerifikim |
|
| 700 | 1 | _aThakur, Ramesh Chandra, | |
| 700 | 1 | _aHaru, Ere. | |
| 942 |
_2ddc _cBK |
||
| 999 |
_c1018 _d1018 |
||